| 000 | 00562nam a2200169Ia 4500 | ||
|---|---|---|---|
| 008 | 090201s9999 xx 000 0 und d | ||
| 010 | _aKPL-44284 | ||
| 040 | _bमराठी | ||
| 041 | _aमराठी | ||
| 082 |
_a30512 _b44284 |
||
| 100 | _a अ.ब.क. | ||
| 245 |
_aबृह संहिता वराह मिहीरवीरचींता _c अ.ब.क. |
||
| 260 |
_c2004 _bअ.ब.क. |
||
| 300 |
_a107 _bमोठा |
||
| 600 | _aबृह संहिता वराह मिहीरवीरचींता | ||
| 942 | _cBOOK | ||
| 999 |
_c229051 _d229051 |
||